Cities From a Bird's Eye View - Statistics

General Stats
  • This quiz has been taken 78 times
  • The average score is 13 of 22
Answer Stats
Picture Answer % Correct
New York City
94%
Venice
94%
Rio de Janeiro
87%
Dubai
86%
London
86%
Vatican City
80%
Paris
77%
Amsterdam
68%
Istanbul
65%
San Francisco
62%
Sydney
56%
Beijing
55%
Hong Kong
52%
Singapore
52%
St Louis
51%
Agra
39%
Cape Town
38%
Naples
37%
Stockholm
32%
Monte Carlo
21%
Dublin
15%
St Petersburg
8%
No matching quizzes found
Score Distribution
Percent of People with Each Score
Percentile by Number Answered
Your Score History
You have not taken this quiz